000 01064nam a2200253 i 4500
001 165410
003 ES-MaACL
005 20251014063241.0
008 940615s1888 sp |||| | spa d
040 _aCAM
_bspa
080 _a(038)=134.2'282(460=411.21)
100 1 _aSimonet, Francisco Javier,
_d1829-1897
_9106570
245 1 0 _aGlosario de voces ibéricas y latinas usadas entre los mozárabes
_b: precedido de un estudio sobre el dialecto hispano-mozárabe /
_cpor Francisco Javier Simonet.
260 _aMadrid :
_bReal Academia Española,
_c1888 (
_fTipográficas de Fontanet)
300 _aCCXXXVI, 628 p., [1] h. de lám. ;
_c27 cm.
500 _aObra premiada en público certamen de la Real Academia Española, y publicada a sus expensas.
504 _aBibliografía: p. [CCXIX]-CCXXXII.
596 _aFecha de cub. : 1889.
597 _aLa h. de lám. facs.
650 7 _aDialectos mozárabes
_2embne
_9141211
710 2 _aReal Academia Española
_96336
852 4 _aES-MaACL
_jB-11271
_z-- Enc. pasta
999 _c165410
_d165410